Animals that are black and white by picture - Statistics

General Stats
  • This quiz has been taken 99 times
  • The average score is 7 of 8
Answer Stats
Picture Answer % Correct
Panda
100%
Cow
96%
Zebra
96%
Penguin
94%
Dalmatian
79%
Orca
76%
Skunk
68%
Husky
60%
No matching quizzes found
Score Distribution
Percent of People with Each Score
Percentile by Number Answered
Your Score History
You have not taken this quiz